| 000 | 00522nam a2200193 a 4500 | ||
|---|---|---|---|
| 001 | 1771681179955 | ||
| 003 | YourLibrary | ||
| 005 | 20260221191139.0 | ||
| 008 | 260221s2004##################000#0#eng## | ||
| 020 | _a9780333651230 | ||
| 082 | 0 | 4 |
_a320.94709049 _bBRO |
| 100 | 1 |
_aBrown, A., _eauthor. |
|
| 245 | 1 | 0 | _aThe Demise of Marxism-Leninism in Russia : |
| 260 |
_bPalgrave Macmillan, _c2004. |
||
| 300 | _a233 pages | ||
| 650 | 0 | _aPolitical Science. | |
| 942 | _cENGLISH | ||
| 040 |
_aYourLibrary _beng _cYourLibrary |
||
| 999 |
_c615415 _d615415 |
||